College Quizbowl Stats
College Quizbowl Stats
Circuits
Seasons
Sets
Records
Detailed Stats
About
Loading...
Upper Midwest
Tossups
Bonuses
Players
Teams
Categories (Tossup)
Categories (Bonus)
Aiden Hart
Kentucky A
Categories
Category
Powers
Gets
Negs
BBs
Points
Earliest Buzz
Avg. Buzz
First Buzzes
Top 3 Buzzes
BPA
PVF
History - World
0
4
0
0
40
49
67.00
3
3
0.00
0.00
Fine Arts - Classical Music
0
1
0
0
10
122
122.00
0
0
0.00
0.00
History - American
0
1
0
0
10
61
61.00
0
0
0.00
0.00
Buzzes
Category
Answer
Value
Buzz Position
History - World
universities
10
49
History - World
Empress Wǔ
10
54
History - American
Battle of Midway
10
61
History - World
Vietnamese people
10
61
History - World
Pashtuns
10
104
Fine Arts - Classical Music
Adams
10
122
Previous
1
Next